Regional Development Agencies (Record no. 73935)
[ view plain ]
| 000 -LEADER | |
|---|---|
| fixed length control field | 00895cam a2200193 4500 |
| 001 - CONTROL NUMBER | |
| control field | ABS67325 |
| 008 - FIXED-LENGTH DATA ELEMENTS--GENERAL INFORMATION | |
| fixed length control field | 031209n2003 000 0 eng u |
| 035 ## - SYSTEM CONTROL NUMBER | |
| System control number | (Sirsi) u124587 |
| 245 ## - TITLE STATEMENT | |
| Title | Regional Development Agencies |
| 260 ## - PUBLICATION, DISTRIBUTION, ETC. | |
| Date of publication, distribution, etc. | 2003 |
| 490 ## - SERIES STATEMENT | |
| Series statement | Estates Gazette |
| Volume/sequential designation | (0348) 29 November 2003, 51-57(6) |
| 520 ## - SUMMARY, ETC. | |
| Summary, etc. | Focuses on the property portfolio management strategies of Regional Development Agencies (RDAs) which range from the complete sell off of assets to the creation of public private partnerships. Lists property strategies of each RDA and assesses marketing strategies used by RDAs for attracting inward investment to generate income. Considers whether RDAs provide good value for money. |
| 590 ## - LOCAL NOTE (RLIN) | |
| Local note | ABS |
| 650 ## - SUBJECT ADDED ENTRY--TOPICAL TERM | |
| Topical term or geographic name entry element | REGIONAL DEVELOPMENT AGENCIES |
| 650 ## - SUBJECT ADDED ENTRY--TOPICAL TERM | |
| Topical term or geographic name entry element | PROPERTY PORTFOLIOS |
| 650 ## - SUBJECT ADDED ENTRY--TOPICAL TERM | |
| Topical term or geographic name entry element | INWARD INVESTMENT |
| 690 ## - LOCAL SUBJECT ADDED ENTRY--TOPICAL TERM (OCLC, RLIN) | |
| Topical term or geographic name as entry element | PROPERTY-PROPERTY DEVELOPMENT |
| 942 ## - ADDED ENTRY ELEMENTS (KOHA) | |
| Suppress in OPAC | 0 |
| Withdrawn status | Lost status | Source of classification or shelving scheme | Damaged status | Not for loan | Home library | Current library | Shelving location | Date acquired | Total Checkouts | Full call number | Barcode | Date last seen | Copy number | Price effective from | Koha item type |
|---|---|---|---|---|---|---|---|---|---|---|---|---|---|---|---|
| Dewey Decimal Classification | London | London | Journal article | 09/12/2003 | ABS67325 | 124587-1001 | 06/08/2019 | 1 | 06/08/2019 | Journal article |